Central Library OPAC University of Rajshahi

ايهام در شعر فارسي = Amphibology in Persian Poetry / (Record no. 78688)

MARC details
000 -LEADER
fixed length control field 00866aaa a2200241 a 4500
001 - CONTROL NUMBER
control field 78688
003 - CONTROL NUMBER IDENTIFIER
rucl marc code BD-RjUL
005 - DATE AND TIME OF LATEST TRANSACTION
control field 20211209083148.0
008 - FIXED-LENGTH DATA ELEMENTS--GENERAL INFORMATION
fixed length control field 211102s20001397ir ||||| |||| 001 p per d
020 ## - INTERNATIONAL STANDARD BOOK NUMBER
International Standard Book Number 9644352254
Terms of availability : rial 20000
035 ## - SYSTEM CONTROL NUMBER
System control number (BD-RjUL)78914
040 ## - CATALOGING SOURCE
Original cataloging agency BD-RjUL
Language of cataloging eng
Transcribing agency BD-RjUL
041 ## - LANGUAGE CODE
Language code of text/sound track or separate title per
082 ## - DEWEY DECIMAL CLASSIFICATION NUMBER
Edition number 23
Classification number 891.551
Author mark and year RAA 1397]2000[
100 1# - MAIN ENTRY--PERSONAL NAME
Personal name راستگو، محمد. = Rastgu, Seyyed Mohammad
9 (RLIN) 249555
245 ## - TITLE STATEMENT
Title ايهام در شعر فارسي = Amphibology in Persian Poetry /
Statement of responsibility, etc. محمد راستگو = Seyyed Mohammad Rastgu
260 ## - PUBLICATION, DISTRIBUTION, ETC. (IMPRINT)
Place of publication, distribution, etc. Tihrān :
Name of publisher, distributor, etc. سروش= Soroush press
Date of publication, distribution, etc. 1379[2000]
300 ## - PHYSICAL DESCRIPTION
Pagination 526 p. ;
Size 23 cm
650 ## - SUBJECT ADDED ENTRY--TOPICAL TERM
Topical term or geographic name as entry element Persian poetry
Form subdivision History and criticism.
9 (RLIN) 249556
Topical term or geographic name as entry element Figures of speech in literature.
9 (RLIN) 249557
Topical term or geographic name as entry element Persian language
Form subdivision Figures of speech.
9 (RLIN) 249558
942 ## - ADDED ENTRY ELEMENTS (KOHA)
Source of classification or shelving scheme Dewey Decimal Classification
Koha item type Books
Holdings
Lost status Source of classification or shelving scheme Damaged status Not for loan Collection code Permanent Location Current Location Shelving location Date acquired Source of acquisition Total Checkouts Full call number Date last seen Copy number Koha item type
  Dewey Decimal Classification   Not For Loan Non-fiction Central Library, University of Rajshahi Central Library, University of Rajshahi Reading Room 11/08/2007 Iran Embassy, Dhaka   F 891.551 RAA 1397]2000[ 02/11/2021 C-1 Books